[Event "CZE-chT1W 2223"]
[Site "Czech Republic"]
[Date "2022.10.30"]
[Round "2.6"]
[White "Novotny, Martin"]
[Black "Husarik, Branko"]
[Result "1-0"]
[WhiteElo "2042"]
[BlackElo "2122"]
[PlyCount "103"]
[EventDate "2022.10.09"]
[EventType "team-tourn"]
[EventRounds "11"]
[EventCountry "CZE"]
[SourceTitle "CBM 213 Extra"]
[Source "ChessBase"]
[SourceDate "2023.05.31"]
[SourceVersion "1"]
[SourceVersionDate "2023.05.31"]
[SourceQuality "1"]
[WhiteTeam "Ricany Betsys II"]
[BlackTeam "Lysa nad Labem II"]
[WhiteTeamCountry "CZE"]
[BlackTeamCountry "CZE"]

1. d4 d6 2. Nf3 Nd7 3. c4 e5 4. Nc3 Be7 5. e3 Ngf6 6. Be2 0-0 7. 0-0 Re8 8. Qc2 c6 9. b3 Qc7 10. Bb2 Nf8 11. Rac1 Ng6 12. Rfd1 Bg4 13. h3 Bxf3 14. Bxf3 Rad8 15. Ne4 Bf8 16. Nxf6+ gxf6 17. Be4 Bg7 18. h4 Kh8 19. h5 Nf8 20. g3 h6 21. d5 c5 22. Kg2 Nd7 23. Rh1 Nb6 24. Qe2 Nc8 25. Qf3 Ne7 26. g4 Rb8 27. Bd3 a6 28. Qe4 Kg8 29. f4 Kf8 30. fxe5 fxe5 31. Rcf1 Ng8 32. Qg6 f6 33. g5 Qf7 34. Qxf7+ Kxf7 35. Bg6+ Ke7 36. Bxe8 Rxe8 37. g6 b5 38. e4 Rb8 39. Rb1 Kd7 40. Rhf1 Ne7 41. Kg3 Kc7 42. Bc3 b4 43. Bd2 a5 44. Ra1 Kd7 45. a3 Rb7 46. axb4 axb4 47. Ra8 Rc7 48. Rfa1 Nc8 49. Kg4 Rb7 50. Be1 Bh8 51. Bh4 Bg7 52. Rf1 1-0

[Event "CZE-chT1W 2122"]
[Site "Czech Republic"]
[Date "2021.10.31"]
[Round "2.5"]
[White "Novotny, Martin"]
[Black "Spacek, Petr"]
[Result "1/2-1/2"]
[WhiteElo "2131"]
[BlackElo "2321"]
[PlyCount "115"]
[EventDate "2021.10.10"]
[EventType "team-tourn"]
[EventRounds "11"]
[EventCountry "CZE"]
[SourceTitle "EXT 2023"]
[Source "ChessBase"]
[SourceDate "2022.10.05"]
[SourceVersion "1"]
[SourceVersionDate "2022.10.05"]
[SourceQuality "1"]
[WhiteTeam "Ricany Betsys"]
[BlackTeam "Lysa nad Labem III"]
[WhiteTeamCountry "CZE"]
[BlackTeamCountry "CZE"]

1. d4 d5 2. c4 dxc4 3. Nf3 Nf6 4. e3 e6 5. Bxc4 a6 6. 0-0 c5 7. Qe2 b5 8. Bd3 Bb7 9. dxc5 Bxc5 10. Bxb5+ Nbd7 11. Bc4 0-0 12. Nbd2 Qc7 13. b3 Ng4 14. h3 Nge5 15. Bb2 Nxc4 16. Nxc4 Nf6 17. Rac1 a5 18. Rfd1 Rfd8 19. Rxd8+ Rxd8 20. Be5 Qe7 21. Nxa5 Be4 22. Bxf6 gxf6 23. Rd1 Ra8 24. Nc4 Qa7 25. a4 f5 26. Nfe5 Bd5 27. a5 Rb8 28. Rb1 f6 29. Nf3 Qa6 30. Nfd2 Bb4 31. Rc1 Qb5 32. Qh5 Qc6 33. f3 Bxd2 34. Rd1 Bxc4 35. Rxd2 Bxb3 36. Kh2 Qc7+ 37. f4 Bd5 38. a6 Qc3 39. Qd1 Qxe3 40. Rd4 Qf2 41. Rxd5 exd5 42. Qxd5+ Kg7 43. Qxf5 Qa7 44. Qg4+ Kh8 45. Qe6 Kg7 46. Qg4+ Kf7 47. Qh5+ Kf8 48. Qh6+ Qg7 49. Qh5 Qe7 50. Qd5 Qc7 51. Qf5 Rb6 52. a7 Qxa7 53. Qc8+ Ke7 54. Qc5+ Ke6 55. Qc4+ Ke7 56. Qc5+ Kf7 57. Qc8 Ke7 58. Qc5+ 1/2-1/2

[Event "CZE-chT1W 2122"]
[Site "Czech Republic"]
[Date "2021.10.10"]
[Round "1.3"]
[White "Postupa, Pavel1111"]
[Black "Novotny, Martin"]
[Result "0-1"]
[WhiteElo "2253"]
[BlackElo "2131"]
[PlyCount "100"]
[EventDate "2021.10.10"]
[EventType "team-tourn"]
[EventRounds "11"]
[EventCountry "CZE"]
[SourceTitle "EXT 2023"]
[Source "ChessBase"]
[SourceDate "2022.10.05"]
[SourceVersion "1"]
[SourceVersionDate "2022.10.05"]
[SourceQuality "1"]
[WhiteTeam "Pankrac"]
[BlackTeam "Ricany Betsys"]
[WhiteTeamCountry "CZE"]
[BlackTeamCountry "CZE"]

1. e4 c5 2. Nf3 d6 3. d4 cxd4 4. Nxd4 Nf6 5. Nc3 a6 6. g3 e5 7. Nde2 h6 8. Bg2 Be7 9. 0-0 0-0 10. h3 Be6 11. g4 Re8 12. Ng3 Qc7 13. Nf5 Bf8 14. Re1 Nbd7 15. h4 g6 16. Ne3 Rac8 17. Qf3 Bg7 18. Bd2 Nb6 19. b3 h5 20. g5 Ng4 21. Rac1 Nxe3 22. Qxe3 Nd7 23. Nd5 Bxd5 24. exd5 e4 25. c4 Nc5 26. Re2 a5 27. Rb1 Be5 28. Bh3 Ra8 29. Kh1 b6 30. a3 Bg7 31. Bg2 a4 32. b4 Nb3 33. Rxb3 axb3 34. Qxb3 Rac8 35. c5 dxc5 36. bxc5 bxc5 37. Qc4 Rcd8 38. Bxe4 Bd4 39. Qb5 Qc8 40. Ba5 Qh3+ 41. Kg1 Rxe4 42. Rxe4 Qg3+ 43. Kh1 Qf3+ 44. Kh2 Qxf2+ 45. Kh3 Qf3+ 46. Kh2 Qxe4 47. Bxd8 Qxh4+ 48. Kg2 Qg4+ 49. Kf1 Qf3+ 50. Ke1 Bc3# 0-1

[Event "Pardubice Czech op-A 32nd"]
[Site "Pardubice"]
[Date "2021.07.28"]
[Round "6"]
[White "Cerveny, Martin"]
[Black "Novotny, Martin"]
[Result "1-0"]
[WhiteElo "2411"]
[BlackElo "2097"]
[PlyCount "151"]
[EventDate "2021.07.23"]
[EventType "swiss"]
[EventRounds "9"]
[EventCountry "CZE"]
[SourceTitle "EXT 2022"]
[Source "ChessBase"]
[SourceDate "2021.10.06"]
[SourceVersion "1"]
[SourceVersionDate "2021.10.06"]
[SourceQuality "1"]

1. Nf3 Nf6 2. d4 e6 3. c4 Bb4+ 4. Bd2 Qe7 5. g3 Nc6 6. Bg2 Bxd2+ 7. Nbxd2 d6 8. 0-0 0-0 9. a3 a5 10. Qc2 a4 11. Rac1 e5 12. e3 Re8 13. dxe5 dxe5 14. Ng5 h6 15. Nge4 Bf5 16. Nb1 Bxe4 17. Bxe4 Na5 18. Bg2 e4 19. Qxa4 Nd7 20. Qc2 f5 21. Nc3 Ne5 22. Nd5 Qf7 23. b3 b5 24. Rfd1 bxc4 25. bxc4 Naxc4 26. Bf1 Nf3+ 27. Kh1 Nce5 28. Qxc7 Rxa3 29. Qxf7+ Kxf7 30. Rc7+ Kg8 31. h3 Kf8 32. Nf4 g5 33. Nh5 Re7 34. Rc8+ Re8 35. Rxe8+ Kxe8 36. Ng7+ Kf8 37. Nxf5 Nd3 38. Bxd3 exd3 39. Kg2 Ne5 40. Nxh6 Nc4 41. Kf3 Nb2 42. Rb1 d2 43. Ke2 d1Q+ 44. Rxd1 Nxd1 45. Kxd1 Ra1+ 46. Ke2 Rh1 47. Kf3 Rxh3 48. Nf5 Rh2 49. e4 Kf7 50. Ne3 Ke6 51. Nc4 Kf6 52. Nb2 Ke5 53. Ke3 Rh1 54. Nd3+ Kf6 55. Kf3 Rd1 56. e5+ Ke6 57. Ke4 Rd2 58. Nc5+ Ke7 59. f3 Rc2 60. Nb3 Rc3 61. Nd4 Ke8 62. g4 Ke7 63. Kd5 Rd3 64. Ke4 Rc3 65. Nb5 Rc4+ 66. Kd5 Rc1 67. Nd4 Rd1 68. Ke4 Rc1 69. Kf5 Rc4 70. Ne6 Rc1 71. Nxg5 Rf1 72. f4 Rf2 73. Ne4 Rf1 74. g5 Rg1 75. g6 Rg2 76. Ng5 1-0

[Event "Pardubice Czech op-A 32nd"]
[Site "Pardubice"]
[Date "2021.07.23"]
[Round "1"]
[White "Butkiewicz, Lukasz"]
[Black "Novotny, Martin"]
[Result "1-0"]
[WhiteElo "2365"]
[BlackElo "2097"]
[PlyCount "113"]
[EventDate "2021.07.23"]
[EventType "swiss"]
[EventRounds "9"]
[EventCountry "CZE"]
[SourceTitle "CBM 203 Extra"]
[Source "ChessBase"]
[SourceDate "2021.09.30"]
[SourceVersion "1"]
[SourceVersionDate "2021.09.30"]
[SourceQuality "1"]

1. d4 Nf6 2. Bg5 g6 3. Bxf6 exf6 4. e3 d5 5. g3 Bd6 6. Bg2 c6 7. Ne2 Be6 8. b3 Nd7 9. Qd3 Bf5 10. Qd2 a5 11. a4 0-0 12. 0-0 Qe7 13. Rc1 Rfe8 14. c4 Be4 15. Nbc3 Bxg2 16. Kxg2 f5 17. Qd3 Nf6 18. cxd5 cxd5 19. Nb5 Rac8 20. Nxd6 Qxd6 21. Qb5 b6 22. Nf4 Red8 23. Rab1 g5 24. Nd3 Ne4 25. Rxc8 Rxc8 26. Rc1 Nc3 27. Qa6 Qe6 28. Ne5 f6 29. Nf3 g4 30. Nd2 Rc6 31. Qb7 Kh8 32. Kf1 Qe8 33. Nb1 Qe4 34. Nxc3 Qd3+ 35. Kg2 Rxc3 36. Rxc3 Qxc3 37. Qxd5 Qc2 38. Qe6 Kg7 39. Qe7+ Kg6 40. Qe8+ Kg7 41. Qe6 Qd3 42. Qc4 Qe4+ 43. Kf1 Qb1+ 44. Ke2 Qb2+ 45. Ke1 Qb1+ 46. Kd2 Kg6 47. d5 Qb2+ 48. Kd3 Qxf2 49. d6 Qf1+ 50. Kd4 Qd1+ 51. Qd3 Qc1 52. Kd5 Qc5+ 53. Ke6 Qe5+ 54. Kd7 Kf7 55. Kc8 Qc5+ 56. Kb7 Ke8 57. Qb5+ 1-0

[Event "CZE-ch Betsys Online Blitz"]
[Site "Chess.com INT"]
[Date "2021.04.17"]
[Round "3"]
[White "Novotny, Martin"]
[Black "Balacek, Tadeas"]
[Result "0-1"]
[WhiteElo "2117"]
[BlackElo "2356"]
[PlyCount "46"]
[EventDate "2021.04.17"]
[EventType "swiss (blitz)"]
[EventRounds "13"]
[EventCountry "CZE"]
[SourceTitle "CBM 201 Extra"]
[Source "ChessBase"]
[SourceDate "2021.05.31"]
[SourceVersion "1"]
[SourceVersionDate "2021.05.31"]
[SourceQuality "1"]

1. d4 Nf6 2. c4 c5 3. d5 b5 4. Qc2 b4 5. e4 d6 6. a3 Na6 7. Nf3 g6 8. Be2 Bg7 9. 0-0 0-0 10. h3 bxa3 11. Nxa3 Nb4 12. Qb1 e6 13. Nc2 exd5 14. exd5 Bf5 15. Bd1 Re8 16. Bd2 a5 17. Bxb4 axb4 18. Rxa8 Qxa8 19. b3 Ne4 20. Qc1 Qa2 21. Ne3 Bd7 22. Bc2 Nc3 23. Nd1 Ne2+ 0-1

[Event "CZE-ch Betsys Online Blitz"]
[Site "Chess.com INT"]
[Date "2021.04.17"]
[Round "10"]
[White "Novotny, Martin"]
[Black "Koubova, Anna Marie"]
[Result "1-0"]
[WhiteElo "2117"]
[BlackElo "2089"]
[PlyCount "89"]
[EventDate "2021.04.17"]
[EventType "swiss (blitz)"]
[EventRounds "13"]
[EventCountry "CZE"]
[SourceTitle "CBM 201 Extra"]
[Source "ChessBase"]
[SourceDate "2021.05.31"]
[SourceVersion "1"]
[SourceVersionDate "2021.05.31"]
[SourceQuality "1"]

1. d4 d5 2. c4 e6 3. Nf3 Nf6 4. g3 Bb4+ 5. Bd2 Bd6 6. Bg2 0-0 7. 0-0 c6 8. Nc3 Nbd7 9. Qc2 b6 10. e4 Be7 11. e5 Ne8 12. Rfd1 Bb7 13. Rac1 f5 14. exf6 Nexf6 15. Re1 dxc4 16. Rxe6 Nd5 17. Nxd5 cxd5 18. Rce1 Bf6 19. Bb4 Qc7 20. Bxf8 Rxf8 21. Qe2 b5 22. Re8 Qd6 23. Bh3 Rxe8 24. Qxe8+ Nf8 25. Ne5 Qe7 26. Qxe7 Bxe7 27. Nd7 Kf7 28. Ne5+ Kg8 29. a4 b4 30. Bg2 Bf6 31. Rd1 Ne6 32. Nxc4 Nxd4 33. Ne3 Ne2+ 34. Kf1 Ba6 35. Bxd5+ Kf8 36. Nc4 Nd4 37. Kg2 Nb3 38. Re1 Nc5 39. b3 Nxb3 40. Rb1 Nc5 41. Rxb4 Nd3 42. Rb8+ Ke7 43. Ra8 Bd4 44. Rxa7+ Kf6 45. Rxa6+ 1-0

[Event "CZE-ch Betsys Online Blitz"]
[Site "Chess.com INT"]
[Date "2021.04.17"]
[Round "12"]
[White "Svoboda, Karel"]
[Black "Novotny, Martin"]
[Result "0-1"]
[WhiteElo "1962"]
[BlackElo "2117"]
[PlyCount "118"]
[EventDate "2021.04.17"]
[EventType "swiss (blitz)"]
[EventRounds "13"]
[EventCountry "CZE"]
[SourceTitle "CBM 201 Extra"]
[Source "ChessBase"]
[SourceDate "2021.05.31"]
[SourceVersion "1"]
[SourceVersionDate "2021.05.31"]
[SourceQuality "1"]

1. e4 c5 2. Nf3 Nc6 3. d4 cxd4 4. Nxd4 g6 5. Nc3 Bg7 6. Be3 Nf6 7. f3 0-0 8. Qd2 d5 9. Nxc6 bxc6 10. exd5 Nxd5 11. Nxd5 cxd5 12. c3 e5 13. Be2 Re8 14. 0-0 Be6 15. f4 d4 16. cxd4 exd4 17. Bf2 Qb6 18. b3 Rac8 19. Rac1 Bf5 20. Bd3 Bxd3 21. Qxd3 Qb4 22. Rc4 Rxc4 23. bxc4 Qc3 24. Rd1 Rc8 25. Bxd4 Qxd3 26. Rxd3 Rd8 27. Rd1 Rxd4 28. Rc1 Rd6 29. Kf2 Kf8 30. Kf3 Ke7 31. g4 Kd7 32. h4 Rd2 33. Rb1 Kc7 34. Re1 Kd7 35. Rb1 Rb2 36. Rd1+ Ke8 37. Re1+ Kf8 38. a4 Rb4 39. Rc1 Rxa4 40. c5 Ke8 41. c6 Kd8 42. c7+ Kc8 43. Re1 Rb4 44. Re7 Rb7 45. Rxf7 Rxc7 46. Rxc7+ Kxc7 47. f5 gxf5 48. gxf5 a5 49. Kf4 a4 50. Kg5 a3 51. f6 Bxf6+ 52. Kxf6 a2 53. Kg7 a1Q+ 54. Kxh7 Kd7 55. h5 Ke7 56. h6 Qb2 57. Kg8 Qg2+ 58. Kh8 Kf7 59. h7 Qg7# 0-1

[Event "CZE-ch Betsys Online Blitz"]
[Site "Chess.com INT"]
[Date "2021.04.17"]
[Round "13"]
[White "Szotkowski, Jakub"]
[Black "Novotny, Martin"]
[Result "1-0"]
[WhiteElo "2366"]
[BlackElo "2117"]
[PlyCount "89"]
[EventDate "2021.04.17"]
[EventType "swiss (blitz)"]
[EventRounds "13"]
[EventCountry "CZE"]
[SourceTitle "CBM 201 Extra"]
[Source "ChessBase"]
[SourceDate "2021.05.31"]
[SourceVersion "1"]
[SourceVersionDate "2021.05.31"]
[SourceQuality "1"]

1. d4 Nf6 2. Nf3 g6 3. c4 Bg7 4. Nc3 0-0 5. e4 d6 6. Be2 e5 7. dxe5 dxe5 8. Qxd8 Rxd8 9. Bg5 Rf8 10. Nxe5 Nxe4 11. Nxe4 Bxe5 12. Bf6 Bxf6 13. Nxf6+ Kg7 14. Nd5 Na6 15. 0-0-0 c6 16. Nc3 Be6 17. a3 Nc5 18. b4 Nd7 19. f4 Nf6 20. Kb2 Rad8 21. h3 h5 22. Kc1 Rfe8 23. Rxd8 Rxd8 24. Rd1 Rxd1+ 25. Kxd1 Kf8 26. Kd2 Ke7 27. Ke3 b6 28. Kd4 Kd6 29. c5+ bxc5+ 30. bxc5+ Ke7 31. Bf3 Kd7 32. Ke5 Ne8 33. Ne4 Kc7 34. Nf6 Nxf6 35. Kxf6 Kd7 36. g4 hxg4 37. hxg4 Kc7 38. f5 gxf5 39. gxf5 Bc4 40. Bh5 Kd7 41. Bxf7 Bd3 42. Be6+ Ke8 43. Kg7 Ke7 44. f6+ Kxe6 45. f7 1-0

[Event "Pardubice Czech op-A 31st"]
[Site "Pardubice"]
[Date "2020.09.27"]
[Round "8"]
[White "Jedlicka, Ales"]
[Black "Novotny, Martin"]
[Result "0-1"]
[WhiteElo "2197"]
[BlackElo "2084"]
[PlyCount "120"]
[EventDate "2020.09.21"]
[EventType "swiss"]
[EventRounds "9"]
[EventCountry "CZE"]
[SourceTitle "CBM 198 Extra"]
[Source "ChessBase"]
[SourceDate "2020.11.30"]
[SourceVersion "1"]
[SourceVersionDate "2020.11.30"]
[SourceQuality "1"]

1. d4 Nf6 2. c4 g6 3. Nc3 Bg7 4. Nf3 0-0 5. g3 d6 6. Bg2 Nc6 7. 0-0 a6 8. b3 Rb8 9. Nd5 Bd7 10. Nxf6+ Bxf6 11. Bh6 Bg7 12. Bxg7 Kxg7 13. d5 Ne5 14. Nxe5 dxe5 15. Qd2 c6 16. Rad1 Qc7 17. Qe3 Rbd8 18. f4 exf4 19. Rxf4 Bf5 20. Rh4 h5 21. Rf1 Rh8 22. Rhf4 f6 23. dxc6 bxc6 24. Qc5 Rd2 25. e4 Be6 26. e5 f5 27. R4f2 Rhd8 28. h4 Rxf2 29. Rxf2 Rd1+ 30. Rf1 Rd2 31. Rf2 Rd1+ 32. Bf1 Kf7 33. Re2 Qd7 34. Kf2 Qd4+ 35. Qxd4 Rxd4 36. Bg2 c5 37. Bf3 f4 38. gxf4 Rxf4 39. Re4 Rf5 40. Kg3 Kg7 41. Re3 Kh6 42. Be4 Rf8 43. Bd5 Bg4 44. Bb7 a5 45. e6 g5 46. Rd3 gxh4+ 47. Kxh4 Rf6 48. Bc8 Rf3 49. Rxf3 Bxf3 50. Bd7 Kg6 51. Kg3 Bg4 52. Kf4 Kf6 53. Be8 Kxe6 54. a3 Kf6 55. b4 axb4 56. axb4 cxb4 57. Ke4 h4 58. Bc6 h3 59. c5 b3 60. Kd3 Ke5 0-1

[Event "Pardubice Czech op-A 31st"]
[Site "Pardubice"]
[Date "2020.09.21"]
[Round "1"]
[White "Novotny, Martin"]
[Black "Parvanyan, Ashot"]
[Result "0-1"]
[WhiteElo "2084"]
[BlackElo "2458"]
[PlyCount "62"]
[EventDate "2020.09.21"]
[EventType "swiss"]
[EventRounds "9"]
[EventCountry "CZE"]
[SourceTitle "CBM 198 Extra"]
[Source "ChessBase"]
[SourceDate "2020.11.30"]
[SourceVersion "1"]
[SourceVersionDate "2020.11.30"]
[SourceQuality "1"]

1. d4 Nf6 2. Nf3 g6 3. c4 Bg7 4. Nc3 0-0 5. e4 d6 6. Be2 Bg4 7. Be3 Nfd7 8. 0-0 Nc6 9. d5 Bxf3 10. Bxf3 Na5 11. Be2 Bxc3 12. bxc3 e5 13. f4 exf4 14. Bxf4 Qe7 15. Qd4 Rfe8 16. Bd3 b6 17. Rf2 Nb7 18. Raf1 Nbc5 19. Bh6 f6 20. Bc2 Qe5 21. Qe3 Nxe4 22. Bxe4 Qxe4 23. Qh3 Re7 24. Rf4 Qe5 25. R4f3 Qe2 26. Re3 Rxe3 27. Bxe3 f5 28. Bd4 Re8 29. Qh6 Ne5 30. Qg5 Nd3 31. g3 Ne1 0-1

[Event "CZE-chT2C 1920"]
[Site "Czech Republic"]
[Date "2019.12.15"]
[Round "5.3"]
[White "Novotny, Martin"]
[Black "Velitshko, Ihor"]
[Result "1-0"]
[WhiteElo "2062"]
[BlackElo "2229"]
[PlyCount "67"]
[EventDate "2019.10.13"]
[EventType "team-tourn"]
[EventRounds "11"]
[EventCountry "CZE"]
[SourceTitle "EXT 2024"]
[Source "ChessBase"]
[SourceDate "2023.10.10"]
[SourceVersion "1"]
[SourceVersionDate "2023.10.10"]
[SourceQuality "1"]
[WhiteTeam "Ricany 1925"]
[BlackTeam "Kobylisy II"]
[WhiteTeamCountry "CZE"]
[BlackTeamCountry "CZE"]

1. d4 d5 2. c4 c6 3. Nc3 Nf6 4. Nf3 e6 5. e3 Nbd7 6. Qc2 Bd6 7. b3 0-0 8. Be2 dxc4 9. bxc4 e5 10. 0-0 Qe7 11. Rd1 Re8 12. Rb1 e4 13. Nd2 Nf8 14. c5 Bc7 15. h3 Rb8 16. Ba3 Bf5 17. Nc4 Nd5 18. Nxd5 cxd5 19. Nd6 Bxd6 20. cxd6 Qg5 21. Kh2 Rec8 22. Qb3 Bd7 23. Rdc1 Bc6 24. Bb5 Qd8 25. Qa4 Nd7 26. Bxc6 Rxc6 27. Rxc6 bxc6 28. Rxb8 Nxb8 29. Qxa7 Nd7 30. Qc7 Qxc7 31. dxc7 Nb6 32. Bc5 Nc8 33. a4 f5 34. a5 1-0

[Event "Ricany op-A"]
[Site "Ricany"]
[Date "2019.08.27"]
[Round "5"]
[White "Tejkal, Jiri"]
[Black "Novotny, Martin"]
[Result "0-1"]
[WhiteElo "1881"]
[BlackElo "2178"]
[PlyCount "104"]
[EventDate "2019.08.24"]
[EventType "swiss"]
[EventRounds "9"]
[EventCountry "CZE"]
[SourceTitle "EXT 2020"]
[Source "ChessBase"]
[SourceDate "2019.10.17"]
[SourceVersion "1"]
[SourceVersionDate "2019.10.17"]
[SourceQuality "1"]

1. d4 Nf6 2. c4 g6 3. Nc3 Bg7 4. e4 d6 5. Nf3 0-0 6. Be2 e5 7. dxe5 dxe5 8. Qxd8 Rxd8 9. Bg5 Rf8 10. Nd5 Nxd5 11. cxd5 c6 12. Bc4 b5 13. Bb3 Bb7 14. Be7 Re8 15. d6 c5 16. Bd5 Bxd5 17. exd5 Nd7 18. 0-0 Bf8 19. a4 b4 20. Bxf8 Kxf8 21. Rfe1 a5 22. Rac1 Ra6 23. Nd2 Rxd6 24. Nc4 Rxd5 25. b3 Ra8 26. Rcd1 Rd4 27. Nd6 f5 28. Nb5 Rxd1 29. Rxd1 Ke7 30. Rd6 Rd8 31. Kf1 Nf8 32. Ra6 Rd3 33. Rxa5 Rxb3 34. Ra7+ Nd7 35. a5 Ra3 36. a6 Ra1+ 37. Ke2 b3 38. Nc3 b2 39. Rb7 Rxa6 40. Rxb2 Ke6 41. Kd3 Rd6+ 42. Kc4 Rd4+ 43. Kb5 e4 44. Kc6 Rd6+ 45. Kc7 e3 46. Ra2 Nf6 47. Nb5 Nd5+ 48. Kc8 Rc6+ 49. Kd8 Rb6 50. Nc7+ Kd6 51. Ne8+ Kc6 52. Ra8 c4 0-1

[Event "EU-ch U16"]
[Site "Bratislava"]
[Date "2019.08.05"]
[Round "4"]
[White "Novotny, Martin"]
[Black "Martin Barcelo, Carles"]
[Result "1/2-1/2"]
[WhiteElo "2178"]
[BlackElo "2008"]
[PlyCount "106"]
[EventDate "2019.08.02"]
[EventType "swiss"]
[EventRounds "9"]
[EventCountry "SVK"]
[SourceTitle "CBM 191 Extra"]
[Source "ChessBase"]
[SourceDate "2019.09.30"]
[SourceVersion "1"]
[SourceVersionDate "2019.09.30"]
[SourceQuality "1"]

1. e4 e6 2. d4 d5 3. Nd2 c5 4. exd5 Qxd5 5. dxc5 Bxc5 6. Ngf3 Nf6 7. Bc4 Qc6 8. Qe2 a6 9. Nb3 Bd6 10. Bg5 b5 11. Bd3 Bb7 12. Nbd4 Bb4+ 13. Bd2 Bxd2+ 14. Qxd2 Qb6 15. 0-0 0-0 16. c3 Nbd7 17. Rfe1 Rfd8 18. Qg5 h6 19. Qg3 Nc5 20. Bc2 Rac8 21. Ne5 b4 22. Rab1 Qc7 23. Qh4 bxc3 24. bxc3 Bd5 25. c4 Ba8 26. Ndf3 Ncd7 27. Nxd7 Rxd7 28. Ne5 Rd2 29. Bb3 Rcd8 30. Qg3 Ne4 31. Rxe4 Bxe4 32. Re1 f6 33. Ng4 Qxg3 34. hxg3 Bf5 35. Ne3 Kh7 36. c5 Rc8 37. Rc1 Rc7 38. g4 Be4 39. Bxe6 Rd8 40. f4 Bc6 41. f5 Be4 42. Rc4 Ba8 43. Rc3 Rb8 44. a4 Re8 45. Kf2 g6 46. Rc4 Bb7 47. Rc3 Kg7 48. g3 g5 49. Rc2 Rd8 50. Rc4 Bc8 51. Rc3 Bb7 52. Rc4 Bc8 53. Rc3 Bb7 1/2-1/2

[Event "EU-ch U16"]
[Site "Bratislava"]
[Date "2019.08.02"]
[Round "1"]
[White "Novotny, Martin"]
[Black "Beres, Tomas"]
[Result "0-1"]
[WhiteElo "2178"]
[BlackElo "1814"]
[PlyCount "64"]
[EventDate "2019.08.02"]
[EventType "swiss"]
[EventRounds "9"]
[EventCountry "SVK"]
[SourceTitle "CBM 191 Extra"]
[Source "ChessBase"]
[SourceDate "2019.09.30"]
[SourceVersion "1"]
[SourceVersionDate "2019.09.30"]
[SourceQuality "1"]

1. d4 Nf6 2. c4 g6 3. Nc3 Bg7 4. e4 d6 5. Nf3 0-0 6. Be2 c6 7. 0-0 Qc7 8. Re1 Nbd7 9. Bf1 e5 10. Rb1 a5 11. b3 Re8 12. Bb2 Nh5 13. g3 Nf8 14. Bg2 f5 15. dxe5 dxe5 16. exf5 Bxf5 17. Ne4 Rad8 18. Qe2 Ne6 19. Nh4 Bxe4 20. Bxe4 Nd4 21. Qe3 Nf6 22. h3 Nxe4 23. Qxe4 Qf7 24. Rbd1 g5 25. Ng2 Nf3+ 26. Kf1 Nd2+ 27. Rxd2 Rxd2 28. Re2 Red8 29. Bxe5 Rxe2 30. Qxe2 Re8 31. f4 gxf4 32. Nxf4 Rxe5 0-1

[Event "Prague Menchik Memorial rapid"]
[Site "Prague"]
[Date "2019.06.09"]
[Round "3"]
[White "Vetrovsky, Michal"]
[Black "Novotny, Martin"]
[Result "1-0"]
[WhiteElo "2095"]
[BlackElo "2089"]
[PlyCount "87"]
[EventDate "2019.06.09"]
[EventType "swiss (rapid)"]
[EventRounds "9"]
[EventCountry "CSR"]
[SourceTitle "CBM 190 Extra"]
[Source "ChessBase"]
[SourceDate "2019.07.15"]
[SourceVersion "1"]
[SourceVersionDate "2019.07.15"]
[SourceQuality "1"]

1. d4 Nf6 2. Nf3 g6 3. Bf4 Bg7 4. e3 0-0 5. c3 d6 6. h3 Nfd7 7. Be2 e5 8. dxe5 dxe5 9. Bg5 f6 10. Bh4 Nb6 11. Qxd8 Rxd8 12. Nbd2 Nc6 13. Bg3 Be6 14. 0-0 Rd7 15. Nb3 Rad8 16. Nc5 Re7 17. Nxb7 Rb8 18. Nc5 Bf7 19. Rfd1 Nc4 20. b3 Nd6 21. Nd2 Nd8 22. Nde4 Nxe4 23. Nxe4 g5 24. Nc5 Ne6 25. Na6 Rb6 26. Nb4 Nc5 27. Nd5 Bxd5 28. Rxd5 Ne4 29. Rc1 Nxg3 30. fxg3 Kf8 31. Bg4 e4 32. c4 Rd6 33. Rcd1 Rxd5 34. Rxd5 Ke8 35. Kf2 h6 36. Ke2 Rf7 37. Bh5 Ke7 38. Bxf7 Kxf7 39. Rd7+ Kg6 40. g4 Bf8 41. Rxc7 h5 42. Rxa7 hxg4 43. hxg4 f5 44. Ra6+ 1-0

[Event "CZE-chT2A 1819"]
[Site "Czech Republic"]
[Date "2019.01.27"]
[Round "7.3"]
[White "Hrdina, Robin"]
[Black "Novotny, Martin"]
[Result "0-1"]
[WhiteElo "2246"]
[BlackElo "2016"]
[PlyCount "92"]
[EventDate "2018.10.14"]
[EventType "team-tourn"]
[EventRounds "11"]
[EventCountry "CZE"]
[SourceTitle "EXT 2022"]
[Source "ChessBase"]
[SourceDate "2021.10.06"]
[SourceVersion "1"]
[SourceVersionDate "2021.10.06"]
[SourceQuality "1"]
[WhiteTeam "Vlasim"]
[BlackTeam "Ricany II"]
[WhiteTeamCountry "CZE"]
[BlackTeamCountry "CZE"]

1. e4 c5 2. Nf3 Nc6 3. Bb5 g6 4. Bxc6 bxc6 5. d3 Bg7 6. 0-0 Nf6 7. Nc3 0-0 8. h3 d6 9. e5 Nd5 10. Re1 Nxc3 11. bxc3 d5 12. Be3 Qa5 13. Qd2 Bf5 14. Bh6 Rfe8 15. Bxg7 Kxg7 16. g4 Be6 17. d4 Rab8 18. Reb1 Rxb1+ 19. Rxb1 Qxa2 20. Qc1 Qc4 21. Rb3 Qe2 22. Kg2 Qe4 23. dxc5 Bxg4 24. Qe3 Bxf3+ 25. Qxf3 Qxe5 26. Ra3 Rb8 27. Rxa7 Rb5 28. Qe3 Qxe3 29. fxe3 Rxc5 30. Ra3 Kf6 31. Kf3 Rc4 32. Rb3 h5 33. Ra3 h4 34. Rb3 g5 35. Ra3 Ke6 36. Rb3 f5 37. Rb8 g4+ 38. hxg4 fxg4+ 39. Ke2 Rxc3 40. Kd2 Rc4 41. Rg8 g3 42. c3 Kf5 43. Ke2 Rg4 44. Rf8+ Ke4 45. Kf1 g2+ 46. Kg1 h3 0-1